| 000 | 01087nam a22003737a 4500 | ||
|---|---|---|---|
| 001 | BR2022000120 | ||
| 003 | BR-BrBNA | ||
| 005 | 20230928105619.0 | ||
| 007 | ta | ||
| 008 | 230509b bl.||||| |||| 00| 0 por d | ||
| 020 | _a978-85-7601-235-1 | ||
| 040 |
_aBR-BrBNA _bpor _cBiblioteca Nacional de Agricultura |
||
| 041 | _a(Por) | ||
| 072 |
_aE20; F01; E16 _b5213 _b5214 |
||
| 090 | _ 5213 BR2022000120 | ||
| 100 | 1 | _aBarbosa, F.A. | |
| 100 | 1 | _aSouza, R.C. | |
| 245 | 1 |
_aAdministração de fazendas de bovinos: leite e corte _bSérie Ouro |
|
| 260 | 3 |
_aViçosa, MG (Brasil): _bAprenda Fácil, _c2007. |
|
| 300 | _a342 p. | ||
| 500 | _aBibliography p. 329-342 (119 ref.): 57 illus.; 82 tables; 15 graphs | ||
| 650 | _aADMINISTRAÇÃO RURAL | ||
| 650 | _aFAZENDA | ||
| 650 | _aBOVINOCULTURA | ||
| 650 | _aGADO LEITEIRO | ||
| 650 | _aGADO DE CORTE | ||
| 650 | _aCONTABILIDADE | ||
| 650 | _aGESTÃO | ||
| 650 | _aPLANEJAMENTO ECONÔMICO | ||
| 650 | _aPROJETO PECUÁRIO | ||
| 650 | _aSISTEMA DE PRODUÇÃO | ||
| 909 |
_a202309 _bLucia _c55 _dLucia Elande |
||
| 942 | _cBK | ||
| 999 |
_c85885 _d85885 |
||